000 01389nam0a2200349 i 4500
001 RU\NLR\BIBL_A\011103501
005 20260409000018.0
010 _a9785745413940
_9300
021 _aRU
_b2016-22807
_91441
035 _a(NILC)RuMoRGB-008254554
035 _a(NLR Aleph) 011103501
090 _a11433353
_c11433353
100 _a20160415d2016 u y0rusy50 ca
101 0 _arus
102 _aRU
105 _ay|||w|||000
200 1 _aСвежий взгляд на 22 псалом
_eпастыри по уставу Христа
_e[религиозное издание]
_fДэниел Блок
210 _aСанкт-Петербург
_cБиблия для всех
_d2016
215 _a24, [3] с.
_d21
300 _aНа 4-й с. обл. авт.: Д. Блок, проф.
500 _aБиблия
_iВ.З.
_iПсалтирь
_lПереработки
_3RU\NLR\AUTH\5510622
_92632622
605 _aБиблия
_iВетхий Завет
_iПсалтырь
_xТолкование
_92191472
_3RU\NLR\AUTH\661317340
605 _aБиблия
_iВ. З.
_iПсалтирь
686 2 _aЭ37-210.913
700 1 _aБлок
_bД.
_gДэниел
702 0 _4570
_8rus
_7ca
_aИисус Христос
_3RU\NLR\AUTH\779638
_9119452
801 0 _aRU
_bРГБ
_c20160323
_gRCR
942 _cBOOK
980 _aNBR